Cei mai valoroși fotbaliști români - Statistics

General Stats
  • This quiz has been taken 15 times
  • The average score is 12 of 15
Answer Stats
Club Jucător Cota de piață (€) % Correct
Andrei Rațiu 18,00 mil.
100%
Dennis Man 13,00 mil.
100%
Florinel Coman 4,00 mil.
100%
Ionuț Radu 8,00 mil.
100%
Marius Marin 3,00 mil.
100%
Radu Drăgușin 20,00 mil.
100%
Răzvan Marin 3,50 mil.
100%
Ștefan Baiaram 4,50 mil.
100%
Ștefan Târnovanu 4,50 mil.
100%
Alexandru Mitrița 4,00 mil.
67%
Daniel Bîrligea 4,50 mil.
67%
Darius Olaru 6,50 mil.
67%
Louis Munteanu 4,50 mil.
67%
Adrian Șut 3,80 mil.
33%
Ümit Akdağ 4,00 mil.
33%
No matching quizzes found
Score Distribution
Percent of People with Each Score
Percentile by Number Answered
Your Score History
You have not taken this quiz